000 00291nam a22001217a 4500
020 _a9788120338715
082 _a664.02
_bRAO/FU
100 _aRao, D.G
_91218
245 _aFundamentals of food engineering
260 _aNew Delhi
_bPrentice Hall of India
_c2012
300 _a614
942 _cBK
999 _c14694
_d14694